Freiburg im Breisgau - Quiz - Statistiken

Allgemein
  • Dieses Quiz wurde 422 mal gespielt
  • Das Durchschnittsergebnis liegt bei 10 aus 18
Antwortstatistiken
Frage Antwort % Korrekt
Land, das drei Kilometer von der Stadtgrenze entfernt liegt Frankreich
94%
Freiburg wird von diesem Fluss durchflossen Dreisam
84%
Weltmeister-Bundestrainer von 2014 Joachim Löw
83%
Höchstes Gebäude Freiburgs Freiburger {Münster}
80%
Er war zwischen 2012 und 2024 Cheftrainer des SC Freiburg Christian Streich
72%
Heimspielstätte des SC Freiburg (Hinweis: nahegelegener Freizeitpark) Europa-Park-Stadion
71%
Künstlich angelegte, offene Wasserläufe durch die Gassen der Altstadt Bächle
60%
Freiburger Hausberg, mit Seilbahn erreichbar Schauinsland
49%
Dank ihrer Lage am Oberrhein wird Freiburg gemeinhin als die … Stadt Deutschlands bezeichnet wärmste
49%
Neuester Stadtteil, international bekannt für seine Umweltverträglichkeit und sein nachhaltiges Verkehrskonzept Vauban
43%
Meistbesuchte Einkaufsmeile {Kaiser}-{Joseph}-Straße
42%
Inoffizielle Hauptstadt dieser Tourismusregion Schwarzwald
41%
Aussichtsturm mit tollem Blick auf die Stadt {Schlossberg}turm
39%
CDU-Finanzminister, 2009-2017 Wolfgang Schäuble
37%
Adelsgeschlecht, welches 1120 die Stadt gründete (Hinweis: Burg und Stadtteil) Zähringer
37%
Bekannter Brunnen am zentralen Straßenbahnkreuz {Bertolds}brunnen
35%
Name der 1457 gegründeten Universität {Albert}-{Ludwigs}-Universität
31%
Wie werden in Freiburg geborene Einwohner lokal auch bezeichnet? Bobbele
30%
Keine übereinstimmenden Quizze gefunden
Verteilung der Resultate
Anzahl Personen mit jedem Resultat
Perzentil nach korrekt beantworteten Fragen
Ihre Resultats-Entwicklung
Sie haben dieses Quiz noch nicht gespielt